[Event "DEM U12 2021"]
[Site "Willingen GER"]
[Date "2021.08.26"]
[Round "6"]
[White "Wieser, Rouven"]
[Black "Dorendorf, Mika"]
[Result "1-0"]
[Termination "normal"]
[Board "11"]
[WhiteElo "1295"]
[BlackElo "1492"]
[WhiteClock "00:01:44"]
[BlackClock "00:17:46"]
[PlyCount "75"]
[WhiteFideId "34608761"]
[BlackFideId "16283066"]
[EventCountry "GER"]
[EventRounds "9"]
[EventType "swiss"]
[EventDate "2021.08.22"]

1. e4 {[%clk 01:30:55]} {[%emt 00:00:05]} e6 {[%clk 01:30:55]} {[%emt
00:00:06]} 2. d4 {[%clk 01:31:17]} {[%emt 00:00:07]} d6 {[%clk 01:31:22]}
{[%emt 00:00:04]} 3. Nc3 {[%clk 01:31:15]} {[%emt 00:00:32]} g6 {[%clk
01:31:48]} {[%emt 00:00:04]} 4. Nf3 {[%clk 01:30:32]} {[%emt 00:01:13]} b6
{[%clk 01:31:36]} {[%emt 00:00:42]} 5. g3 {[%clk 01:25:03]} {[%emt 00:05:58]}
Bg7 {[%clk 01:30:36]} {[%emt 00:01:30]} 6. Bg2 {[%clk 01:23:08]} {[%emt
00:02:26]} Bb7 {[%clk 01:24:53]} {[%emt 00:06:13]} 7. O-O {[%clk 01:20:10]}
{[%emt 00:03:27]} Nd7 {[%clk 01:15:32]} {[%emt 00:09:52]} 8. Re1 {[%clk
01:15:24]} {[%emt 00:05:15]} Ne7 {[%clk 01:08:45]} {[%emt 00:07:18]} 9. Qd3
{[%clk 01:02:08]} {[%emt 00:13:45]} O-O {[%clk 00:57:42]} {[%emt 00:11:32]} 10.
Be3 {[%clk 00:54:47]} {[%emt 00:07:52]} h6 {[%clk 00:53:58]} {[%emt 00:04:15]}
11. Qd2 {[%clk 00:46:07]} {[%emt 00:09:09]} Kh7 {[%clk 00:46:15]} {[%emt
00:08:13]} 12. Rad1 {[%clk 00:42:07]} {[%emt 00:04:30]} Rc8 {[%clk 00:45:29]}
{[%emt 00:01:16]} 13. a3 {[%clk 00:35:18]} {[%emt 00:07:20]} a6 {[%clk
00:45:48]} {[%emt 00:00:11]} 14. b4 {[%clk 00:31:48]} {[%emt 00:03:59]} Nf6
{[%clk 00:41:05]} {[%emt 00:05:13]} 15. Qe2 {[%emt 00:07:14]} Bxe4 {[%clk
00:38:38]} {[%emt 00:00:28]} 16. Nxe4 {[%clk 00:24:15]} {[%emt 00:03:47]} Nxe4
{[%clk 00:38:57]} {[%emt 00:00:12]} 17. Qxa6 {[%clk 00:24:01]} {[%emt
00:00:45]} Nc3 {[%clk 00:38:31]} {[%emt 00:00:56]} 18. Rd3 {[%clk 00:21:18]}
{[%emt 00:03:12]} Ned5 {[%clk 00:38:39]} {[%emt 00:00:22]} 19. Qc4 {[%clk
00:20:46]} {[%emt 00:01:02]} Nxe3 {[%clk 00:36:36]} {[%emt 00:02:33]} 20. fxe3
{[%clk 00:18:13]} {[%emt 00:03:03]} Nd5 {[%clk 00:36:06]} {[%emt 00:01:01]} 21.
e4 {[%clk 00:16:26]} {[%emt 00:02:16]} Ne7 {[%clk 00:35:59]} {[%emt 00:00:38]}
22. Rde3 {[%clk 00:14:02]} {[%emt 00:02:53]} Qd7 {[%clk 00:35:39]} {[%emt
00:00:50]} 23. Qd3 {[%clk 00:10:56]} {[%emt 00:03:36]} Ra8 {[%clk 00:35:28]}
{[%emt 00:00:41]} 24. d5 {[%clk 00:08:55]} {[%emt 00:02:31]} e5 {[%clk
00:35:14]} {[%emt 00:00:45]} 25. c4 {[%clk 00:08:37]} {[%emt 00:00:47]} Qa4
{[%clk 00:34:44]} {[%emt 00:01:00]} 26. Nh4 {[%clk 00:07:12]} {[%emt 00:01:53]}
h5 {[%clk 00:33:16]} {[%emt 00:02:00]} 27. Qe2 {[%clk 00:06:18]} {[%emt
00:01:24]} Bh6 {[%clk 00:32:55]} {[%emt 00:00:51]} 28. Rd3 {[%clk 00:05:54]}
{[%emt 00:00:54]} Ra7 {[%clk 00:32:42]} {[%emt 00:00:42]} 29. g4 {[%clk
00:04:45]} {[%emt 00:01:40]} hxg4 {[%clk 00:32:53]} {[%emt 00:00:19]} 30. Qxg4
{[%clk 00:04:21]} {[%emt 00:00:53]} Qc2 {[%clk 00:32:42]} {[%emt 00:00:41]} 31.
Rh3 {[%clk 00:03:35]} {[%emt 00:01:17]} Qxc4 {[%clk 00:31:04]} {[%emt
00:02:09]} 32. Nf3 {[%clk 00:03:30]} {[%emt 00:00:34]} Rh8 {[%clk 00:26:06]}
{[%emt 00:05:28]} 33. Qd7 {[%clk 00:03:00]} {[%emt 00:01:01]} Kg7 {[%clk
00:24:19]} {[%emt 00:02:16]} 34. Qxe7 {[%clk 00:02:59]} {[%emt 00:00:31]} Qa6
{[%clk 00:24:21]} {[%emt 00:00:28]} 35. Rf1 {[%clk 00:02:30]} {[%emt 00:00:59]}
Qc8 {[%clk 00:20:00]} {[%emt 00:04:51]} 36. Ng5 {[%clk 00:02:15]} {[%emt
00:00:46]} Rf8 {[%clk 00:17:23]} {[%emt 00:03:06]} 37. Rxf7+ {[%clk 00:01:47]}
{[%emt 00:00:57]} Kg8 {[%clk 00:17:46]} {[%emt 00:00:07]} 38. Rxh6 {[%clk
00:01:44]} {[%emt 00:00:33]} 1-0

[Event "DEM U12 2021"]
[Site "Willingen GER"]
[Date "2021.08.26"]
[Round "6"]
[White "Bräutigam, Alexander"]
[Black "Wunderlich, Elias"]
[Result "0-1"]
[Termination "normal"]
[Board "12"]
[WhiteElo "1555"]
[BlackElo "1657"]
[WhiteClock "00:46:28"]
[BlackClock "00:59:11"]
[PlyCount "86"]
[WhiteFideId "16245210"]
[BlackFideId "34608087"]
[EventCountry "GER"]
[EventRounds "9"]
[EventType "swiss"]
[EventDate "2021.08.22"]

1. d4 {[%clk 01:30:57]} {[%emt 00:00:04]} d5 {[%clk 01:30:57]} {[%emt
00:00:03]} 2. c4 {[%clk 01:31:15]} {[%emt 00:00:11]} e6 {[%clk 01:31:23]}
{[%emt 00:00:05]} 3. Nf3 {[%clk 01:31:35]} {[%emt 00:00:10]} Nf6 {[%clk
01:31:39]} {[%emt 00:00:14]} 4. Bg5 {[%clk 01:31:51]} {[%emt 00:00:13]} Be7
{[%clk 01:31:55]} {[%emt 00:00:15]} 5. e3 {[%clk 01:32:01]} {[%emt 00:00:20]}
O-O {[%clk 01:32:04]} {[%emt 00:00:21]} 6. Nc3 {[%clk 01:32:21]} {[%emt
00:00:10]} b6 {[%clk 01:30:24]} {[%emt 00:02:11]} 7. Be2 {[%clk 01:30:10]}
{[%emt 00:02:40]} Bb7 {[%clk 01:29:56]} {[%emt 00:00:59]} 8. O-O {[%clk
01:30:30]} {[%emt 00:00:09]} Nbd7 {[%clk 01:30:00]} {[%emt 00:00:26]} 9. Rc1
{[%clk 01:29:55]} {[%emt 00:01:05]} c5 {[%clk 01:27:54]} {[%emt 00:02:36]} 10.
cxd5 {[%clk 01:28:33]} {[%emt 00:01:51]} Nxd5 {[%clk 01:27:10]} {[%emt
00:01:15]} 11. Bxe7 {[%clk 01:27:36]} {[%emt 00:01:27]} Qxe7 {[%clk 01:27:25]}
{[%emt 00:00:16]} 12. Bc4 {[%clk 01:25:57]} {[%emt 00:02:08]} Rad8 {[%clk
01:26:20]} {[%emt 00:01:34]} 13. Qe2 {[%clk 01:25:50]} {[%emt 00:00:38]} f5
{[%clk 01:25:04]} {[%emt 00:01:46]} 14. Rfe1 {[%clk 01:21:04]} {[%emt
00:05:15]} Kh8 {[%clk 01:23:07]} {[%emt 00:02:27]} 15. Rcd1 {[%clk 01:19:12]}
{[%emt 00:02:22]} Nxc3 {[%clk 01:17:00]} {[%emt 00:06:38]} 16. bxc3 {[%clk
01:18:17]} {[%emt 00:01:25]} e5 {[%clk 01:16:09]} {[%emt 00:01:22]} 17. Nxe5
{[%clk 01:12:22]} {[%emt 00:06:24]} Nxe5 {[%clk 01:16:31]} {[%emt 00:00:07]}
18. dxe5 {[%clk 01:12:45]} {[%emt 00:00:07]} Qxe5 {[%clk 01:16:43]} {[%emt
00:00:19]} 19. Rxd8 {[%clk 01:11:41]} {[%emt 00:01:35]} Rxd8 {[%clk 01:16:32]}
{[%emt 00:00:40]} 20. Rd1 {[%clk 01:11:01]} {[%emt 00:01:09]} Qc7 {[%clk
01:12:49]} {[%emt 00:04:12]} 21. Rxd8+ {[%clk 01:07:37]} {[%emt 00:03:55]} Qxd8
{[%clk 01:13:09]} {[%emt 00:00:11]} 22. Qd3 {[%clk 01:07:32]} {[%emt 00:00:35]}
Qxd3 {[%clk 01:13:06]} {[%emt 00:00:34]} 23. Bxd3 {[%clk 01:07:54]} {[%emt
00:00:08]} g6 {[%clk 01:13:30]} {[%emt 00:00:05]} 24. f3 {[%clk 01:07:51]}
{[%emt 00:00:33]} Kg7 {[%clk 01:12:57]} {[%emt 00:01:03]} 25. Kf2 {[%clk
01:07:57]} {[%emt 00:00:24]} Kf6 {[%clk 01:13:00]} {[%emt 00:00:26]} 26. h4
{[%clk 01:07:18]} {[%emt 00:01:09]} h6 {[%clk 01:09:10]} {[%emt 00:04:20]} 27.
g4 {[%clk 01:06:01]} {[%emt 00:01:47]} fxg4 {[%clk 01:09:13]} {[%emt 00:00:28]}
28. fxg4 {[%clk 01:05:47]} {[%emt 00:00:43]} g5 {[%clk 01:09:35]} {[%emt
00:00:09]} 29. hxg5+ {[%clk 00:58:07]} {[%emt 00:08:10]} hxg5 {[%clk 01:09:41]}
{[%emt 00:00:24]} 30. e4 {[%clk 00:58:09]} {[%emt 00:00:28]} Ke5 {[%clk
01:09:39]} {[%emt 00:00:31]} 31. Ke3 {[%clk 00:58:26]} {[%emt 00:00:14]} a6
{[%clk 01:07:10]} {[%emt 00:02:59]} 32. a4 {[%clk 00:56:22]} {[%emt 00:02:34]}
a5 {[%clk 01:06:08]} {[%emt 00:01:32]} 33. c4 {[%clk 00:51:34]} {[%emt
00:05:18]} Bc6 {[%clk 01:05:47]} {[%emt 00:00:52]} 34. Bc2 {[%clk 00:51:47]}
{[%emt 00:00:16]} Bd7 {[%clk 01:06:04]} {[%emt 00:00:13]} 35. Bd1 {[%clk
00:52:08]} {[%emt 00:00:09]} Kd6 {[%clk 01:05:08]} {[%emt 00:01:26]} 36. Kf3
{[%clk 00:50:56]} {[%emt 00:01:43]} Ke6 {[%clk 01:05:04]} {[%emt 00:00:33]} 37.
Kf2 {[%clk 00:51:05]} {[%emt 00:00:21]} Ke5 {[%clk 01:04:44]} {[%emt 00:00:51]}
38. Ke3 {[%clk 00:51:20]} {[%emt 00:00:13]} Bc8 {[%clk 01:01:07]} {[%emt
00:04:07]} 39. Bf3 {[%clk 00:48:42]} {[%emt 00:03:08]} Bb7 {[%clk 01:00:29]}
{[%emt 00:01:09]} 40. Be2 {[%clk 00:47:38]} {[%emt 00:01:33]} Bxe4 {[%clk
01:00:46]} {[%emt 00:00:13]} 41. Bd1 {[%clk 00:47:55]} {[%emt 00:00:13]} Bg6
{[%clk 00:58:59]} {[%emt 00:02:18]} 42. Bf3 {[%clk 00:46:23]} {[%emt 00:02:02]}
Be8 {[%clk 00:58:54]} {[%emt 00:00:35]} 43. Bd1 {[%clk 00:46:28]} {[%emt
00:00:24]} Bd7 {[%clk 00:59:11]} {[%emt 00:00:13]} 0-1

[Event "DEM U12 2021"]
[Site "Willingen GER"]
[Date "2021.08.26"]
[Round "6"]
[White "Goldmann, David"]
[Black "Kuhlmann, Nils Magnus"]
[Result "0-1"]
[Termination "normal"]
[Board "13"]
[WhiteElo "1629"]
[BlackElo "1224"]
[WhiteClock "00:51:46"]
[BlackClock "01:03:25"]
[PlyCount "52"]
[WhiteFideId "16268920"]
[BlackFideId "16287177"]
[EventCountry "GER"]
[EventRounds "9"]
[EventType "swiss"]
[EventDate "2021.08.22"]

1. e4 {[%clk 01:30:56]} {[%emt 00:00:03]} c5 {[%clk 01:30:59]} {[%emt
00:00:03]} 2. Nc3 {[%clk 01:31:17]} {[%emt 00:00:09]} Nc6 {[%clk 01:31:23]}
{[%emt 00:00:06]} 3. g3 {[%clk 01:31:33]} {[%emt 00:00:13]} g6 {[%clk
01:31:45]} {[%emt 00:00:08]} 4. Bg2 {[%clk 01:31:51]} {[%emt 00:00:13]} Bg7
{[%clk 01:32:13]} {[%emt 00:00:02]} 5. Nge2 {[%clk 01:32:00]} {[%emt 00:00:20]}
d6 {[%clk 01:32:18]} {[%emt 00:00:26]} 6. O-O {[%clk 01:32:16]} {[%emt
00:00:14]} e6 {[%clk 01:32:34]} {[%emt 00:00:14]} 7. d3 {[%clk 01:32:36]}
{[%emt 00:00:10]} Nge7 {[%clk 01:32:49]} {[%emt 00:00:14]} 8. Be3 {[%clk
01:32:56]} {[%emt 00:00:10]} O-O {[%clk 01:32:57]} {[%emt 00:00:23]} 9. d4
{[%clk 01:33:03]} {[%emt 00:00:22]} b6 {[%clk 01:32:22]} {[%emt 00:01:05]} 10.
f4 {[%clk 01:32:53]} {[%emt 00:00:40]} Ba6 {[%clk 01:31:09]} {[%emt 00:01:41]}
11. Rf2 {[%clk 01:30:17]} {[%emt 00:03:09]} Qc7 {[%clk 01:30:13]} {[%emt
00:00:56]} 12. Rb1 {[%clk 01:27:49]} {[%emt 00:03:29]} Rad8 {[%clk 01:26:31]}
{[%emt 00:03:51]} 13. d5 {[%clk 01:24:23]} {[%emt 00:04:16]} exd5 {[%clk
01:24:11]} {[%emt 00:02:50]} 14. Nxd5 {[%clk 01:21:40]} {[%emt 00:03:12]} Nxd5
{[%clk 01:24:12]} {[%emt 00:00:30]} 15. Qxd5 {[%clk 01:21:45]} {[%emt
00:00:25]} Ne7 {[%clk 01:24:22]} {[%emt 00:00:20]} 16. Qb3 {[%clk 01:19:21]}
{[%emt 00:02:53]} Bxe2 {[%emt 00:03:17]} 17. Rxe2 {[%clk 01:19:19]} {[%emt
00:00:29]} c4 {[%clk 01:21:48]} {[%emt 00:00:21]} 18. Qb5 {[%clk 01:12:20]}
{[%emt 00:07:29]} f5 {[%clk 01:20:53]} {[%emt 00:01:25]} 19. Rd1 {[%clk
01:07:02]} {[%emt 00:05:46]} fxe4 {[%clk 01:17:41]} {[%emt 00:03:42]} 20. Bxe4
{[%clk 01:07:03]} {[%emt 00:00:30]} Kh8 {[%clk 01:15:43]} {[%emt 00:02:28]} 21.
c3 {[%clk 01:01:52]} {[%emt 00:05:41]} Qd7 {[%clk 01:11:44]} {[%emt 00:04:28]}
22. Qxc4 {[%clk 00:58:11]} {[%emt 00:04:12]} d5 {[%clk 01:08:17]} {[%emt
00:03:57]} 23. Qd3 {[%clk 00:54:57]} {[%emt 00:03:44]} Qa4 {[%clk 01:07:56]}
{[%emt 00:00:51]} 24. Bg2 {[%clk 00:54:09]} {[%emt 00:01:16]} Qxa2 {[%clk
01:08:01]} {[%emt 00:00:26]} 25. Bd4 {[%clk 00:53:07]} {[%emt 00:01:32]} Nf5
{[%clk 01:05:52]} {[%emt 00:02:39]} 26. Bxd5 {[%clk 00:51:46]} {[%emt
00:01:51]} Bxd4+ {[%clk 01:03:25]} {[%emt 00:02:57]} 0-1

[Event "DEM U12 2021"]
[Site "Willingen GER"]
[Date "2021.08.26"]
[Round "6"]
[White "Huber, Benedikt"]
[Black "Mündörfer, Sebastian"]
[Result "1-0"]
[Termination "normal"]
[Board "14"]
[WhiteElo "1613"]
[BlackElo "1176"]
[WhiteClock "00:25:32"]
[BlackClock "00:30:41"]
[PlyCount "87"]
[WhiteFideId "16281225"]
[BlackFideId "34604367"]
[EventCountry "GER"]
[EventRounds "9"]
[EventType "swiss"]
[EventDate "2021.08.22"]

1. e4 {[%clk 01:30:59]} {[%emt 00:00:01]} c5 {[%clk 01:30:54]} {[%emt
00:00:06]} 2. Nf3 {[%clk 01:31:26]} {[%emt 00:00:02]} g6 {[%clk 01:31:17]}
{[%emt 00:00:07]} 3. d4 {[%clk 01:31:52]} {[%emt 00:00:04]} cxd4 {[%clk
01:31:44]} {[%emt 00:00:04]} 4. Nxd4 {[%clk 01:32:17]} {[%emt 00:00:04]} Bg7
{[%clk 01:31:50]} {[%emt 00:00:25]} 5. c4 {[%clk 01:32:42]} {[%emt 00:00:05]}
Nc6 {[%clk 01:31:27]} {[%emt 00:00:53]} 6. Be3 {[%clk 01:33:06]} {[%emt
00:00:05]} d6 {[%clk 01:30:48]} {[%emt 00:01:10]} 7. Nc3 {[%clk 01:33:27]}
{[%emt 00:00:08]} Nf6 {[%clk 01:30:39]} {[%emt 00:00:40]} 8. Be2 {[%clk
01:33:39]} {[%emt 00:00:17]} O-O {[%clk 01:29:29]} {[%emt 00:01:40]} 9. O-O
{[%clk 01:34:03]} {[%emt 00:00:06]} Nxd4 {[%clk 01:28:16]} {[%emt 00:01:44]}
10. Bxd4 {[%clk 01:34:23]} {[%emt 00:00:06]} Be6 {[%clk 01:25:22]} {[%emt
00:03:27]} 11. Rc1 {[%clk 01:26:31]} {[%emt 00:08:22]} Nd7 {[%clk 01:23:03]}
{[%emt 00:02:50]} 12. Be3 {[%clk 01:24:49]} {[%emt 00:02:12]} Ne5 {[%clk
01:07:35]} {[%emt 00:15:57]} 13. Nd5 {[%clk 01:20:15]} {[%emt 00:05:04]} Bxd5
{[%clk 01:06:31]} {[%emt 00:01:35]} 14. exd5 {[%clk 01:20:31]} {[%emt
00:00:14]} b6 {[%clk 01:04:45]} {[%emt 00:02:16]} 15. f4 {[%clk 01:14:16]}
{[%emt 00:06:45]} Nd7 {[%clk 01:04:50]} {[%emt 00:00:25]} 16. b3 {[%clk
01:13:48]} {[%emt 00:00:57]} Nf6 {[%clk 00:59:52]} {[%emt 00:05:28]} 17. Bd3
{[%clk 01:07:34]} {[%emt 00:06:44]} Qd7 {[%clk 00:57:23]} {[%emt 00:02:59]} 18.
f5 {[%clk 01:05:48]} {[%emt 00:02:16]} Rab8 {[%clk 00:51:44]} {[%emt 00:06:10]}
19. a4 {[%clk 00:53:43]} {[%emt 00:12:34]} Kh8 {[%clk 00:47:29]} {[%emt
00:04:44]} 20. Qe2 {[%clk 00:50:32]} {[%emt 00:03:42]} Rg8 {[%clk 00:44:10]}
{[%emt 00:03:50]} 21. Rce1 {[%clk 00:47:27]} {[%emt 00:03:34]} Rbe8 {[%clk
00:43:07]} {[%emt 00:01:33]} 22. Bg5 {[%clk 00:38:20]} {[%emt 00:09:37]} Qc7
{[%clk 00:32:46]} {[%emt 00:10:51]} 23. fxg6 {[%clk 00:32:22]} {[%emt
00:06:29]} fxg6 {[%clk 00:32:40]} {[%emt 00:00:36]} 24. Qe6 {[%clk 00:25:43]}
{[%emt 00:07:08]} Qc8 {[%clk 00:29:08]} {[%emt 00:04:02]} 25. Qxc8 {[%clk
00:16:34]} {[%emt 00:09:40]} Rxc8 {[%clk 00:29:12]} {[%emt 00:00:26]} 26. Rxe7
{[%clk 00:16:43]} {[%emt 00:00:21]} Ng4 {[%clk 00:25:24]} {[%emt 00:04:18]} 27.
Be2 {[%clk 00:11:44]} {[%emt 00:05:28]} Nh6 {[%clk 00:17:55]} {[%emt 00:07:59]}
28. Rxa7 {[%clk 00:06:10]} {[%emt 00:06:04]} b5 {[%clk 00:15:44]} {[%emt
00:02:42]} 29. Bxh6 {[%clk 00:04:59]} {[%emt 00:01:40]} Bd4+ {[%clk 00:15:39]}
{[%emt 00:00:36]} 30. Kh1 {[%clk 00:05:41]} {[%emt 00:00:17]} Bxa7 {[%clk
00:16:26]} {[%emt 00:00:14]} 31. axb5 {[%clk 00:05:55]} {[%emt 00:00:16]} Bd4
{[%clk 00:15:34]} {[%emt 00:01:22]} 32. Bg4 {[%clk 00:03:29]} {[%emt 00:02:55]}
Rcd8 {[%clk 00:14:00]} {[%emt 00:02:04]} 33. Be6 {[%clk 00:03:31]} {[%emt
00:00:28]} Rge8 {[%clk 00:12:26]} {[%emt 00:02:05]} 34. Rd1 {[%clk 00:01:54]}
{[%emt 00:02:06]} Ra8 {[%clk 00:11:15]} {[%emt 00:01:42]} 35. Bf4 {[%clk
00:01:32]} {[%emt 00:00:50]} Bc5 {[%clk 00:10:14]} {[%emt 00:01:32]} 36. Bc1
{[%clk 00:01:22]} {[%emt 00:00:40]} Ba3 {[%clk 00:08:58]} {[%emt 00:01:47]} 37.
Be3 {[%clk 00:00:56]} {[%emt 00:00:56]} Bb2 {[%clk 00:08:04]} {[%emt 00:01:25]}
38. Bb6 {[%clk 00:00:45]} {[%emt 00:00:40]} Ra1 {[%clk 00:07:04]} {[%emt
00:01:29]} 39. Rxa1 {[%clk 00:01:03]} {[%emt 00:00:13]} Bxa1 {[%clk 00:07:24]}
{[%emt 00:00:10]} 40. Bc7 {[%clk 00:00:47]} {[%emt 00:00:45]} Bd4 {[%clk
00:05:13]} {[%emt 00:02:41]} 41. b6 {[%clk 00:28:22]} {[%emt 00:02:56]} Ra8
{[%clk 00:32:17]} {[%emt 00:03:25]} 42. g3 {[%clk 00:26:23]} {[%emt 00:02:29]}
Re8 {[%clk 00:30:29]} {[%emt 00:02:18]} 43. Bxd6 {[%clk 00:25:32]} {[%emt
00:01:21]} Bxb6 {[%clk 00:30:41]} {[%emt 00:00:19]} 44. Be5# {[%emt 00:00:07]}
1-0

[Event "DEM U12 2021"]
[Site "Willingen GER"]
[Date "2021.08.26"]
[Round "6"]
[White "Fruth, David"]
[Black "Weber, Nikita"]
[Result "1-0"]
[Termination "normal"]
[Board "15"]
[WhiteElo "1749"]
[BlackElo "1352"]
[WhiteClock "01:05:08"]
[BlackClock "01:01:23"]
[PlyCount "93"]
[WhiteFideId "16257596"]
[BlackFideId "34608770"]
[EventCountry "GER"]
[EventRounds "9"]
[EventType "swiss"]
[EventDate "2021.08.22"]

1. e4 {[%clk 01:30:59]} {[%emt 00:00:01]} d5 {[%clk 01:30:57]} {[%emt
00:00:03]} 2. exd5 {[%clk 01:31:23]} {[%emt 00:00:06]} Qxd5 {[%clk 01:31:20]}
{[%emt 00:00:07]} 3. Nc3 {[%clk 01:31:51]} {[%emt 00:00:02]} Qd8 {[%clk
01:31:43]} {[%emt 00:00:07]} 4. d4 {[%clk 01:32:14]} {[%emt 00:00:07]} Nf6
{[%clk 01:32:08]} {[%emt 00:00:04]} 5. Nf3 {[%clk 01:32:40]} {[%emt 00:00:05]}
g6 {[%clk 01:32:35]} {[%emt 00:00:03]} 6. Bc4 {[%clk 01:32:57]} {[%emt
00:00:13]} Bg7 {[%clk 01:32:59]} {[%emt 00:00:06]} 7. O-O {[%clk 01:32:58]}
{[%emt 00:00:28]} O-O {[%clk 01:33:25]} {[%emt 00:00:05]} 8. h3 {[%clk
01:33:08]} {[%emt 00:00:20]} a6 {[%clk 01:33:44]} {[%emt 00:00:11]} 9. Be3
{[%clk 01:32:08]} {[%emt 00:01:30]} b5 {[%clk 01:33:17]} {[%emt 00:00:57]} 10.
Bb3 {[%clk 01:32:34]} {[%emt 00:00:04]} Bb7 {[%clk 01:33:33]} {[%emt 00:00:14]}
11. a4 {[%clk 01:29:06]} {[%emt 00:03:58]} b4 {[%clk 01:32:28]} {[%emt
00:01:35]} 12. Na2 {[%clk 01:28:59]} {[%emt 00:00:36]} a5 {[%clk 01:32:52]}
{[%emt 00:00:07]} 13. c3 {[%clk 01:29:15]} {[%emt 00:00:14]} bxc3 {[%clk
01:32:49]} {[%emt 00:00:33]} 14. Nxc3 {[%clk 01:29:32]} {[%emt 00:00:13]} Nc6
{[%clk 01:32:03]} {[%emt 00:01:15]} 15. Rc1 {[%clk 01:29:41]} {[%emt 00:00:21]}
Nb4 {[%clk 01:32:02]} {[%emt 00:00:32]} 16. Ne5 {[%clk 01:27:53]} {[%emt
00:02:18]} Nfd5 {[%clk 01:31:17]} {[%emt 00:01:15]} 17. Nxd5 {[%clk 01:27:28]}
{[%emt 00:00:54]} Nxd5 {[%clk 01:31:37]} {[%emt 00:00:10]} 18. Nc6 {[%clk
01:27:42]} {[%emt 00:00:15]} Bxc6 {[%clk 01:31:06]} {[%emt 00:01:02]} 19. Rxc6
{[%clk 01:28:06]} {[%emt 00:00:06]} Nb4 {[%clk 01:31:14]} {[%emt 00:00:22]} 20.
Rc4 {[%clk 01:27:52]} {[%emt 00:00:45]} Ra6 {[%clk 01:27:49]} {[%emt 00:03:54]}
21. Qc1 {[%clk 01:27:12]} {[%emt 00:01:07]} Rd6 {[%clk 01:20:56]} {[%emt
00:07:26]} 22. Rxc7 {[%clk 01:24:12]} {[%emt 00:03:30]} Bxd4 {[%clk 01:17:34]}
{[%emt 00:03:52]} 23. Bxd4 {[%clk 01:24:17]} {[%emt 00:00:25]} Rxd4 {[%clk
01:17:49]} {[%emt 00:00:15]} 24. Ra7 {[%clk 01:17:52]} {[%emt 00:06:55]} Nd3
{[%clk 01:14:40]} {[%emt 00:03:39]} 25. Qc3 {[%clk 01:17:14]} {[%emt 00:01:06]}
Nb4 {[%clk 01:11:58]} {[%emt 00:03:14]} 26. Rxa5 {[%clk 01:16:57]} {[%emt
00:00:48]} Qxa5 {[%clk 01:11:09]} {[%emt 00:01:18]} 27. Qxd4 {[%clk 01:17:12]}
{[%emt 00:00:15]} Nc6 {[%clk 01:10:11]} {[%emt 00:01:27]} 28. Qd5 {[%clk
01:17:05]} {[%emt 00:00:37]} Qb6 {[%clk 01:09:54]} {[%emt 00:00:46]} 29. Rb1
{[%clk 01:10:31]} {[%emt 00:07:04]} Na5 {[%clk 01:08:43]} {[%emt 00:01:42]} 30.
Bc4 {[%clk 01:07:52]} {[%emt 00:03:09]} Qb4 {[%clk 01:07:52]} {[%emt 00:01:20]}
31. Qb5 {[%clk 01:06:22]} {[%emt 00:02:00]} Qxc4 {[%clk 01:08:17]} {[%emt
00:00:06]} 32. Qxa5 {[%clk 01:06:48]} {[%emt 00:00:04]} Qa2 {[%clk 01:08:39]}
{[%emt 00:00:08]} 33. Re1 {[%clk 01:05:45]} {[%emt 00:01:33]} Qxb2 {[%clk
01:08:44]} {[%emt 00:00:25]} 34. Rxe7 {[%clk 01:06:02]} {[%emt 00:00:12]} Qc2
{[%clk 01:08:25]} {[%emt 00:00:49]} 35. Qb4 {[%clk 01:05:10]} {[%emt 00:01:23]}
Ra8 {[%clk 01:08:07]} {[%emt 00:00:48]} 36. a5 {[%clk 01:04:56]} {[%emt
00:00:44]} Qf5 {[%clk 01:06:48]} {[%emt 00:01:49]} 37. a6 {[%clk 01:04:10]}
{[%emt 00:01:16]} Qc8 {[%clk 00:59:37]} {[%emt 00:07:40]} 38. a7 {[%clk
01:04:13]} {[%emt 00:00:27]} Qd8 {[%clk 00:59:41]} {[%emt 00:00:25]} 39. Rb7
{[%clk 01:03:58]} {[%emt 00:00:47]} Qd1+ {[%clk 00:59:29]} {[%emt 00:00:41]}
40. Kh2 {[%clk 01:04:18]} {[%emt 00:00:10]} Kg7 {[%clk 00:59:50]} {[%emt
00:00:09]} 41. Rxf7+ {[%clk 01:03:27]} {[%emt 00:01:21]} Kxf7 {[%clk 01:00:09]}
{[%emt 00:00:11]} 42. Qb7+ {[%clk 01:03:56]} {[%emt 00:00:02]} Kf6 {[%clk
01:00:17]} {[%emt 00:00:19]} 43. Qxa8 {[%clk 01:04:21]} {[%emt 00:00:07]} Qd6+
{[%clk 01:00:41]} {[%emt 00:00:06]} 44. g3 {[%clk 01:04:46]} {[%emt 00:00:05]}
Qc5 {[%clk 01:00:38]} {[%emt 00:00:32]} 45. Qf3+ {[%clk 01:04:43]} {[%emt
00:00:34]} Kg5 {[%clk 01:00:58]} {[%emt 00:00:11]} 46. Qf4+ {[%clk 01:05:08]}
{[%emt 00:00:05]} Kh5 {[%clk 01:01:23]} {[%emt 00:00:05]} 47. Qh4# {[%emt
00:00:36]} 1-0